| 000 | 00894 a2200205 4500 | ||
|---|---|---|---|
| 001 | 28345 | ||
| 005 | 20260407155555.0 | ||
| 008 | 260407a1988 arg spa d | ||
| 003 | AR-UNSa-BCEJYS | ||
| 040 |
_aAR-UNSa-BCEJYS _bspa _cAR-UNSa-BCEJYS |
||
| 080 |
_a347.7 _xDerecho Mercantil. Derecho Comercial |
||
| 245 | 1 | 0 |
_aDerecho comercial y económico _pObligaciones y contratos comerciales. Parte General |
| 020 | _a950-508-275-4 | ||
| 264 | 1 |
_aBuenos Aires : _bAstrea _c1988 |
|
| 300 |
_axv, 342 p. _c23 cm. |
||
| 505 | _a1. Las obligaciones y el derecho comercial - 2. Acto Jurídico. Negocio jurídico. Contratos civiles y comerciales - 3. Los negocios jurídicos mercantiles - 4. Creación de los contratos mercantiles - 5. Las formas y el contrato mercantil - 6. Dinámica contractual | ||
| 942 | _cBK | ||
| 590 | _aniveau_biblio:m niveau_hierar:0 | ||
| 100 | 1 | _aEtcheverry, Raúl Aníbal | |
| 999 |
_c1694 _d1694 |
||